Norteamérica con las botas puestas

Guardat en:
Dades bibliogràfiques
Autor principal: Prezzolini, Giuseppe (Autor)
Format: Llibre
Idioma:espanyol
Publicat: Madrid Nacional 1955
Matèries:
Etiquetes: Afegir etiqueta
Sense etiquetes, Sigues el primer a etiquetar aquest registre!

MARC

LEADER 00000nam a2200000 a 4500
001 UCH4952
003 CL-VaPUC
008 090910e19550000SP |||||||||||||||||spa|d
082 0 4 |a 973.918  |b PRE  |2 21 
100 0 |a Prezzolini, Giuseppe  |e author  |9 541029 
245 1 0 |a Norteamérica con las botas puestas 
300 |a 355 p 
942 |c BK 
945 |d 20090910 00:00:00  |a dcastane 
260 |a Madrid  |b Nacional  |c 1955 
650 0 |a Civilización   |9 255823 
650 0 |a Comunismo  |9 255588 
650 7 |a INMIGRANTES ITALIANOS  |2 CL-VaPUC  |9 458578 
650 7 |a SOCIEDAD NORTEAMERICANA  |2 CL-VaPUC  |9 541030 
651 0 |a Estados Unidos  |9 255178 
583 |a last modification  |c 20090910 00:00:00  |k Rodrigo Vera 
999 |c 336183  |d 336181 
952 |0 0  |1 0  |4 0  |6 973_918000000000000_PRE_1955  |7 0  |8 X  |9 427165  |a FDOBUD  |b FDOBUD  |d 2019-11-22  |i 4597931  |o 973.918 PRE 1955  |p 4597931  |r 2019-11-22  |w 2019-11-22  |y BK_X  |k BUD